Statistiche per Riconosci la Squadra di calcio - Quiz n°66

Clicka qui per fare il quiz!

Statistiche generali

  • Questo quiz è stato fatto 3 volte
  • Il punteggio medio è 6 su 9

Statistiche sulle risposte

IndizioRisposta% Corretto
Titoli nazionali12 Campionati sovietici
10 Campionati russi
100%
Divisione nazionale 2023-2024Prima
100%
Colori socialiRosso, bianco
100%
ConfederazioneUEFA
100%
Trofei nazionali10 Coppe dell'URSS
1 Coppa delle federazioni sovietiche
4 Coppe di Russia
1 Supercoppa di Russia
67%
Capienza Stadio44 000 posti
67%
Fondazione1922
33%
Trofei internazionali6 Coppe della CSI
33%
SquadraSpartak Mosca
33%

Distribuzione punteggi

Percentile per numero di risposta

Percentuale di utenti per punteggio

I tuoi punteggi nel tempo

Non hai fatto questo quiz